Focus sur: Amos Diggory - Harry Potter - Statistiques

Statistiques générales
  • Ce quiz a été pris 215 fois
  • Le résultat moyen est 4 sur 6
Statistiques - réponses
Informations recherchées Réponses % Correct
Ecole fréquentée Poudlard
99%
Fils Cédric Diggory
98%
Première apparition Harry Potter et la Coupe de Feu
98%
Profession Employé au Ministère de la Magie
77%
Acteur l'interprétant dans les films Jeff Rawle
15%
Comédien l'interprétant dans la pièce de théâtre Barry McCarthy
8%
Aucun quiz correspondant
Distribution des résultats
% des personnes avec chaque résultat
Percentile par nombre de réponses
Votre historique - résultats
Vous n’avez pas pris ce quiz